书目信息 |
| 题名: |
科学社会主义问答
|
|
| 作者: | ;上海师范学院政教系国际共运史教研室 编 | |
| 分册: | ||
| 出版信息: | 上海 上海教育出版社 1980 |
|
| 页数: | 90页 | |
| 开本: | 19cm | |
| 丛书名: | ||
| 单 册: | ||
| 中图分类: | D0-0 | |
| 科图分类: | ||
| 主题词: | 科学社会主义理论 , 共产主义运动--理论 | |
| 电子资源: | ||
| ISBN: | ||
| 000 | 00820nam0 2200241 45 | |
| 001 | 0303191563 | |
| 005 | 20060728103622.50 | |
| 010 | @dCNY0.23 | |
| 091 | @a3150.8 | |
| 100 | @a20030319d1980 km y0chiy0120 ea | |
| 101 | 0 | @achi |
| 102 | @aCN@b310000 | |
| 102 | @aCN@b310000 | |
| 200 | 1 | @a科学社会主义问答@AKe Xue She Hui Zhu Yi Wen Da@f上海师范学院政教系国际共运史教研室编@Fshang hai shi fan xue yuan zheng jiao xi guo ji gong yun shi jiao yan shi bian |
| 210 | @a上海@c上海教育出版社@d1980 | |
| 215 | @a90页@d19cm | |
| 300 | @a政治理论通俗读物 | |
| 606 | 0 | @a科学社会主义理论 |
| 606 | 0 | @a共产主义运动@x理论 |
| 690 | @aD0-0@v3 | |
| 711 | 0 | @a上海师范学院政教系国际共运史教研室@Ashang hai shi fan xue yuan zheng jiao xi guo ji gong yun shi jiao yan shi@4编 |
| 801 | @aCN@bTSTC@c20060728 | |
| 905 | @dD0-0@e119 | |
| 科学社会主义问答/上海师范学院政教系国际共运史教研室编.-上海:上海教育出版社,1980 |
| 90页;19cm |
| 政治理论通俗读物 |
| ISBN :CNY0.23 |
| ● |
| 相关链接 |
|
|
|
|
正题名:科学社会主义问答
索取号:D0-0/119
 
预约/预借
| 序号 | 登录号 | 条形码 | 馆藏地/架位号 | 状态 | 备注 |
| 1 | 0424780 | 204247804 | 密集书库/ [索取号:D0-0/119] | 在馆 | |
| 2 | 0440346 | 204403467 | 密集书库/ [索取号:D0-0/119] | 在馆 |